| 000 | 01021cad a22002295a 4500 | ||
|---|---|---|---|
| 001 | L152470 | ||
| 008 | 110311s2011 xxk f 000 0 eng d | ||
| 035 | _a(Sirsi) u152470 | ||
| 041 | 0 | _aeng | |
| 110 | 2 |
_aGreat Britain _bHealth and Safety Executive |
|
| 245 | 0 | 4 |
_aThe London 2012 Olympic and Paralympic Games _bthe health and safety learning legacy _h[electronic resource] |
| 260 |
_a[S.l.] _bHSE _c2011 |
||
| 520 | _aHSE is regulating construction health, safety and welfare at London 2012; examines how the Health and Safety Executive is working with others to make the London 2012 Games the safest on record; considers its legacy, looks at case studies, Big Build. | ||
| 590 | _aKA NTK | ||
| 650 | 2 | 4 | _aOLYMPIC GAMES 2012 |
| 651 | 4 |
_aUnited Kingdom _y |
|
| 651 | 4 | _aLondon | |
| 690 | _aMANAGEMENT-HEALTH AND SAFETY | ||
| 690 | _aBUILT ENVIRONMENT-CONSTRUCTION MARKET | ||
| 856 | 4 | 0 |
_uhttps://www.hse.gov.uk/aboutus/london-2012-games/index.htm _zView this item free of charge at www.hse.gov.uk |
| 942 | _n0 | ||
| 999 |
_c112066 _d112066 |
||